000
00222nam a22000857a 4500
008
161118b xxu||||| |||| 00| 0 eng d
100
_9
1282
_a
Neela Kantan.M.etal
245
_a
English-1
260
_a
New Delhi
_b
V.E. Education
_c
2009
999
_c
3986
_d
3986